| 000 | 00346nam a2200145Ia 4500 | ||
|---|---|---|---|
| 008 | 230312s9999||||xx |||||||||||||| ||und|| | ||
| 020 | _a0-470-72190-2 | ||
| 082 |
_a720.68 _bFRA-D |
||
| 100 | _aFranck;Karen | ||
| 245 | 0 | _aDesign Through Dialogue | |
| 260 |
_bJohn wiley _aCanada _c2010 |
||
| 300 | _a208 | ||
| 650 | _aArchitecture | ||
| 942 | _cBK | ||
| 999 |
_c11957 _d11957 |
||